000
00292nam a2200121Ia 4500
008
191201s2012 xx 000 0 und d
100
_a
PANDEY,Adesh K
245
0
_a
Internet Fundamentals
260
_a
N. delhi
_b
S K Kataria
_c
2012
300
_a
286
650
_a
B.Tech(CSE)
942
_2
ddc
_c
BK
_0
1
999
_c
700
_d
700